000 00427nam a2200169Ia 4500
008 230524s9999 xx 000 0 und d
020 _a8123910274
082 _a621.382
_bSOY
100 _aM.G.Say
245 4 _aThe Performance and Design of Alternating Current Machines
250 _a1ST
260 _aNEW DELHI
_bCBS
_c2002
300 _aXVI;653
500 _aQuantity Number: 22
650 _aElectrical
942 _cBK
999 _c36527
_d36527